| Tag |
First Indicator |
Second Indicator |
Subfields |
| LEADER |
00000cam a2200000 a 4500 |
| 001 |
in00000018480 |
| 005 |
20151007053243.0 |
| 008 |
880215s1988 enk b 00010 eng d |
| 020 |
|
|
|a 0709951183
|
| 035 |
|
|
|a (OCoLC)17475780
|
| 035 |
|
|
|9 AAB0980AM
|
| 040 |
|
|
|a TXA
|c TXA
|d FQG
|d TXA
|d UtOrBLW
|
| 043 |
|
|
|a f-sa---
|
| 049 |
|
|
|a TXAM
|c [A10985665]
|
| 050 |
|
4 |
|a DT779.952
|b .B64 1988
|
| 100 |
1 |
|
|a Boles, Elizabeth.
|
| 245 |
1 |
4 |
|a The West and South Africa :
|b myths, interests and policy options /
|c Elizabeth Boles.
|
| 264 |
|
1 |
|a London :
|b Croom Helm for the Atlantic Institute for International Affairs,
|c [1988]
|
| 264 |
|
4 |
|c ©1988
|
| 300 |
|
|
|a viii, 79 pages ;
|c 22 cm.
|
| 336 |
|
|
|a text
|b txt
|2 rdacontent
|
| 337 |
|
|
|a unmediated
|b n
|2 rdamedia
|
| 338 |
|
|
|a volume
|b nc
|2 rdacarrier
|
| 490 |
1 |
|
|a Atlantic paper ;
|v no. 67
|
| 504 |
|
|
|a Includes bibliographical references.
|
| 651 |
|
0 |
|a South Africa
|x Foreign public opinion.
|
| 651 |
|
0 |
|a South Africa
|x Politics and government
|y 1978-1989
|x Foreign opinion.
|
| 651 |
|
0 |
|a South Africa
|x Race relations
|y 1961-
|x Foreign public opinion.
|
| 830 |
|
0 |
|a Atlantic papers (Paris, France) ;
|v no. 67.
|
| 999 |
|
|
|a MARS
|
| 999 |
f |
f |
|s 98a2674a-3c2b-345e-87f1-e273543be9de
|i c480fbb5-8fc2-3013-8911-a28d21ffacbe
|t 0
|
| 952 |
f |
f |
|p ric
|a Texas A&M University
|b Rellis Campus
|c Joint Library Facility
|d Remote Storage
|t 0
|e DT779.952 .B64 1988
|h Library of Congress classification
|i unmediated -- volume
|m A14810985665
|
| 998 |
f |
f |
|a DT779.952 .B64 1988
|t 0
|l Remote Storage
|